| 000 | 00527nam a22001697a 4500 | ||
|---|---|---|---|
| 008 | 180903b xxu||||| |||| 00| 0 eng d | ||
| 020 | _a9781573760041 | ||
| 050 |
_aBT450 _b.W45 2004 |
||
| 100 | _aWeiss,Randy | ||
| 245 |
_aPassion conspiracy: _bDid the Jews kill Christ or was Jesus the victim of identity theft?. _cRandy Weiss. |
||
| 260 |
_aCedar Hill, Texas : _bCrossTalk, _cc 2004. |
||
| 300 |
_a213p. _c22cm |
||
| 650 | _aJesus Christ. | ||
| 650 | _aConspiracy theories. | ||
| 650 | _aAntisemitism. | ||
| 942 |
_2lcc _cBK |
||
| 999 |
_c53505 _d53505 |
||